Relox de sombras en que con las de la muerte de nuestro redentor Jesu Christo se apuntan las tres horas que estuvo agonizando,...

Detalles Bibliográficos
Autor principal: VILLALOBOS, Joaquín Antonio de
Formato: Libro
Publicado: Madrid
Materias:
Colección:Banco de datos
Acervo:Biblioteca del Convento de Santa Mónica de la Ciudad de Puebla. Puebla
Tema general:Ascética
Notas:Regular. No. de Reg. 189942. B1, 27.
LEADER 00760nam a22001930004500
035 |a 52156 
036 |a 1924 
100 1 |a VILLALOBOS, Joaquín Antonio de 
245 1 0 |a Relox de sombras en que con las de la muerte de nuestro redentor Jesu Christo se apuntan las tres horas que estuvo agonizando,... 
260 |a Madrid  |b ed. Francisco de Arizcun y Mindinueta, imp. Antonio Marín 
500 |a Regular. No. de Reg. 189942. B1, 27. 
650 1 0 |a Ascética 
949 |a CRP-SM 
959 |a Ex convento de Santa Mónica. Puebla, Puebla  |b CCC5 
960 |a Convento de Santa Mónica de la ciudad de Puebla  |b DD88 
961 |a Franciscana  |b OF 
942 |c CRP-SM 
943 |g Biblioteca del Convento de Santa Mónica de la Ciudad de Puebla. Puebla 
999 |c 962494  |d 962494